| 000 | 00703nam a22001937a 4500 | ||
|---|---|---|---|
| 005 | 20100723114331.0 | ||
| 010 | _aENG-96537 | ||
| 020 | _c800.00 | ||
| 035 | _aEN-80070 | ||
| 037 | _bDBAD/PUB | ||
| 082 | _a220.22 | ||
| 245 |
_aYendaro mahaanubhaavulu of some telugu brahmins / _ccompiled by Madiraju Subba Rao |
||
| 260 |
_aSecunderabad _bNiyogi Bandhu Seva Samithi _c2009 |
||
| 270 |
_a# 6-1-292, Padmaraonagar, Regd, No. 1134/03, Secunderabad _bSecunderabad |
||
| 300 |
_avarious pages _c22cm (hb) |
||
| 700 |
_aRao, Madiraju Subba _9924 |
||
| 942 |
_2ddc _cEN _h220.22 _mYEN |
||
| 999 |
_c37338 _d37338 |
||